000 01320 a2200265 4500
005 20180830150138.0
008 080917t xxu||||| |||| 00| 0 hin d
010 _aHIN-81796
020 _a8122502407
_c40.00
035 _aHN-54142, RC-152371
037 _bपु.प्र.अ.प्र/वितरक
082 _a
100 _aनागार्जुन
245 _aजमनिया का बाबाःआंचलिक उपन्यास/
_cनागार्जुन
246 _aJamaniya ka baba : aanchalik upanyas
_bby Nagarjun
250 _a4था संस्क
260 _aइलाहाबाद
_bकिताब महल
_c2006
260 _aनई दिल्ली
_bकिताब महल डिस्ट्रीब्यूटर्स(वितरक)
270 _a22ए, सरोजनी नायडू मार्ग
_bइलाहाबाद
_e211001
_k2423466
270 _a28,नेताजी सुभाष मार्ग, दरियागंज
_bनई दिल्ली
_e110002
_k23273230, 23289935
300 _a139पृ
_c18सेमी (सजिल्द)
650 _aहिन्दी उपन्यास
650 _aHindi Novel
942 _adpl
_cHN
_kउ / नागार्जु
_2ddc
_h
_mनागार्जु
999 _c9006
_d9006